Sociology (Record no. 1416)

000 -LEADER
fixed length control field 00505nam a22002057a 4500
001 - CONTROL NUMBER
control field 1416
003 - CONTROL NUMBER IDENTIFIER
control field BD-DhUET
008 - FIXED-LENGTH DATA ELEMENTS--GENERAL INFORMATION
fixed length control field 140907b xxu||||| |||| 00| 0 eng d
020 ## - INTERNATIONAL STANDARD BOOK NUMBER
International Standard Book Number 9780073125817
040 ## - CATALOGING SOURCE
Transcribing agency 0
Modifying agency BD-DhUET
082 ## - DEWEY DECIMAL CLASSIFICATION NUMBER
Classification number 301
Item number SCH/2007
100 ## - MAIN ENTRY--PERSONAL NAME
Personal name Schaefer, Richard T.
245 ## - TITLE STATEMENT
Title Sociology
Statement of responsibility, etc. by Richard T. Schaefer
250 ## - EDITION STATEMENT
Edition statement 10th ed.
260 ## - PUBLICATION, DISTRIBUTION, ETC. (IMPRINT)
Place of publication, distribution, etc. New York:
Name of publisher, distributor, etc. McGraw-Hill,
Date of publication, distribution, etc. 2007.
300 ## - PHYSICAL DESCRIPTION
Extent xxxiv,542p.
504 ## - BIBLIOGRAPHY, ETC. NOTE
Bibliography, etc Includes bibliographies
650 #0 - SUBJECT ADDED ENTRY--TOPICAL TERM
Topical term or geographic name as entry element Sociology
942 ## - ADDED ENTRY ELEMENTS (KOHA)
Koha item type General Book
Holdings
Koha item type Copy number Date acquired Shelving location Location (home branch) Koha date last seen Koha full call number Lost status Koha normalized classification for sorting Koha issues (times borrowed) Source of classification or shelving scheme Piece designation (barcode) Withdrawn status Sublocation or collection (holding branch) Price effective from Damaged status Not for loan Koha date last borrowed
General Book12014-09-07Circulation sectionCentral Library, BUET2026-01-18301/SCH/2007 301SCH20076 103379 Central Library, BUET2014-09-07  2023-06-18
General Book22014-09-07Circulation sectionCentral Library, BUET2023-11-18301/SCH/2007 301SCH20076 103377 Central Library, BUET2014-09-07  2023-06-06
General Book32014-09-07Circulation sectionCentral Library, BUET2024-06-03301/SCH/2007 301SCH20079 103378 Central Library, BUET2014-09-07  2024-05-26